What is mathematics, really?

Saved in:
Bibliografiske detaljer
Hovedforfatter: Hersh, Reuben (Author)
Format: Bog
Sprog:engelsk
Udgivet: Nueva York Oxford University 1999
Serier:Science, Mathematics
Fag:
Tags: Tilføj Tag
Ingen Tags, Vær først til at tagge denne postø!

MARC

LEADER 00000nam a2200000 a 4500
001 UCL6948
003 CL-VaPUC
008 040423e19990000US |||||||||||||||||eng|d
020 |a 0195130871 
082 0 4 |a 510.1  |b HER  |2 21 
100 |a Hersh, Reuben  |e author  |9 484609 
245 1 0 |a What is mathematics, really? 
300 |a 343 p 
942 |c BK 
945 |d 20040423 00:00:00  |a cmena 
260 |a Nueva York  |b Oxford University  |c 1999 
650 0 |a Filosofía de las matemáticas   |9 265233 
650 0 |a Filosofía de las ciencias  |9 256466 
583 |a last modification  |c 20040423 00:00:00  |k Rodrigo Vera 
490 0 |a Science, Mathematics 
999 |c 308824  |d 308822 
952 |0 0  |1 0  |4 0  |6 510_100000000000000_HER_1999  |7 0  |8 A  |9 375703  |a BIBMAT  |b BIBMAT  |d 2019-11-21  |i 4007972  |o 510.1 HER 1999  |p 4007972  |r 2025-01-07  |w 2019-11-21  |y BK  |k MAT